00699nam a2200157 a 450000500170000000800410001702000180005805000230007610000220009924500460012126000320016730000130019952001860021299900190039895201240041720140412111428.0090627s19uu xx 00 eng d a0-590-42805-5 aTR(PS EbVe48 1990 aWilliams, Margery aThe Velveteen Rabbit /cMargery williams. aU.S.A :bScholastic,c1990. a1v. unp. aMore than anything else, the Velveteen rabbit wants to become real - just like the wild rabbits he's been hoping in the woods. but can the boy help make the rabbit's wish come true? c106290d106290 00104050aELbELcTRd2009-06-27eLib. Fundg50.00l0oTR(PS E Ve48 1990pE11548r2014-04-12 00:00:00w2014-04-12yBK